[Event "Pontevedra op 21st"]
[Site "Pontevedra"]
[Date "2008.08.14"]
[Round "5"]
[White "Espineira Gonzalez, Diego Adrian"]
[Black "Santaclara Rodriguez, Ramon"]
[Result "1-0"]
[WhiteElo "2267"]
[BlackElo "2154"]
[PlyCount "85"]
[EventDate "2008.08.10"]
[EventType "swiss"]
[EventRounds "9"]
[EventCountry "ESP"]
[SourceTitle "CBM 125 Extra"]
[Source "ChessBase"]
[SourceDate "2008.09.01"]
[SourceVersion "1"]
[SourceVersionDate "2008.09.01"]
[SourceQuality "1"]

1. e4 c5 2. Nf3 Nc6 3. d4 cxd4 4. Nxd4 g6 5. Nc3 Bg7 6. Nde2 Nf6 7. g3 b5 8. Bg2 Rb8 9. 0-0 0-0 10. h3 d6 11. Nd5 Ne5 12. c3 Nxd5 13. exd5 b4 14. cxb4 Rxb4 15. a3 Rb6 16. Ra2 Ba6 17. Be3 Rb7 18. b3 Qb8 19. b4 Bc4 20. Rd2 Rc8 21. Bd4 a5 22. bxa5 Rb5 23. f4 Nd7 24. Bxg7 Kxg7 25. Qa1+ Nf6 26. Re1 Bxe2 27. Rdxe2 Qa7+ 28. Kh2 Rc7 29. a6 Ra5 30. g4 Kf8 31. g5 Ng8 32. Qh8 Rxa6 33. Qxh7 Rxa3 34. f5 gxf5 35. Rf1 Qd4 36. Qxf5 Qg7 37. Ref2 f6 38. gxf6 Nxf6 39. Qe6 Raa7 40. Rxf6+ exf6 41. Rxf6+ Rf7 42. Qc8+ Ke7 43. Re6# 1-0

[Event "Villagarcia de Arosa op"]
[Site "Villagarcia de Arosa"]
[Date "2005.08.02"]
[Round "2"]
[White "Santaclara Rodriguez, Ramon"]
[Black "Manolache, Marius"]
[Result "0-1"]
[WhiteElo "2205"]
[BlackElo "2462"]
[PlyCount "76"]
[EventDate "2005.08.01"]
[EventType "swiss"]
[EventRounds "9"]
[EventCountry "ESP"]
[SourceTitle "CBM 107 Extra"]
[Source "ChessBase"]
[SourceDate "2005.09.01"]
[SourceVersion "1"]
[SourceVersionDate "2005.09.01"]
[SourceQuality "1"]

1. c4 Nf6 2. Nc3 d6 3. g3 g6 4. Bg2 Bg7 5. d3 0-0 6. e4 e5 7. Nge2 Nbd7 8. 0-0 Nh5 9. Be3 c6 10. b4 f5 11. exf5 gxf5 12. f4 Ndf6 13. h3 Qe8 14. Qd2 Qg6 15. Kh2 Kh8 16. Rac1 Rg8 17. c5 exf4 18. gxf4 dxc5 19. bxc5 Be6 20. Rb1 Rad8 21. Rxb7 Qh6 22. Rb4 a5 23. Ra4 Bf8 24. Bd4 Rxd4 25. Nxd4 Bxc5 26. Nce2 Bd7 27. Rc4 Bd6 28. Nxc6 Re8 29. Ncd4 Ng4+ 30. Kh1 Ne3 31. Rf2 Nxc4 32. dxc4 Bb4 33. Qd3 Bc5 34. Kh2 Nf6 35. Rf1 Re3 36. Qd2 Ng4+ 37. Kh1 Rxh3+ 38. Kg1 Rh1+ 0-1